000 01012 a2200277 4500
001 41294
005 20260407155706.0
008 260407a2008 arg spa d
003 AR-UNSa-BCEJYS
040 _aAR-UNSa-BCEJYS
_bspa
_cAR-UNSa-BCEJYS
080 _a349.22:331.106
_xContrato de trabajo
245 1 0 _aRégimen de contrato de trabajo
_pversión 2.9
020 _a978-987-01-0789-7
264 1 _aBuenos Aires :
_bErrepar
_c2008
300 _a221 p.
_c27 cm.
505 _a1.Índices - 2. Contrato de trabajo - 3. Ley Nacional de empleo - 4. Reforma laboral - 5. Prevención de la evasión fiscal - 6. Ley de emergencia pública
041 _aspa
942 _cBK
590 _aniveau_biblio:m niveau_hierar:0
100 1 _aErrecaborde, José Daniel
700 1 _aParada, Ricardo Antonio
700 1 _aCañada, Francisco Roberto
650 _aLey Nº 20.744
856 4 1 _uhttps://biblioeco.unsa.edu.ar/pmb/images/libros/L117272.jpg
_yImagen de portada
_qimage/jpeg
650 _a ley nº 20 744
999 _c3443
_d3443